| 000 | 00907nam a2200409Ia 4500 | ||
|---|---|---|---|
| 001 | 92912 | ||
| 003 | 172995 | ||
| 005 | 20250228064253.0 | ||
| 008 | ||||||n9999 ||| || || | ||
| 245 | 0 |
_aAnaquel _breseña de textos _cOctavio Barbosa Cardona. |
|
| 562 | _e1 | ||
| 650 | 0 |
_aDesarrollo económico _91884 |
|
| 650 | 0 |
_aEconomía política _97875 |
|
| 650 | 0 |
_aImperialismo _92137 |
|
| 650 |
_aNUEVO ORDEN ECONOMICO INTERNACIONAL _92700 |
||
| 650 |
_aPOLÍTICAS _9112835 |
||
| 942 | _cBKM | ||
| 999 |
_c92912 _d92912 |
||
| 526 | _a17598 | ||
| 526 | _a102617 | ||
| 526 | _a102618 | ||
| 526 | _a15794 | ||
| 526 | _a102620 | ||
| 526 | _a10406 | ||
| 526 | _a105630 | ||
| 526 | _a1698 | ||
| 526 | _a116204 | ||
| 526 | _a4969 | ||
| 526 | _a19790 | ||
| 526 | _a104436 | ||
| 526 | _a5144 | ||
| 526 | _a51868 | ||
| 526 | _a3899 | ||
| 526 | _a9683 | ||
| 526 | _a | ||
| 526 | _a1703 | ||
| 526 | _a1697 | ||